<?xml version="1.0" encoding="UTF-8"?>
<marc:record xmlns:marc="http://www.loc.gov/MARC21/slim">
   <marc:leader>00000nam a2200000 a 4500</marc:leader>
   <marc:datafield ind1="1" ind2=" " tag="100">
      <marc:subfield code="a">Sterntal, Sabrina</marc:subfield>
      <marc:subfield code="4">aut</marc:subfield>
      <marc:subfield code="e">Verfasser/-in</marc:subfield>
   </marc:datafield>
   <marc:datafield ind1=" " ind2=" " tag="653">
      <marc:subfield code="a">Kreativer Advent</marc:subfield>
   </marc:datafield>
   <marc:datafield ind1=" " ind2=" " tag="653">
      <marc:subfield code="a">Kreativ Advent</marc:subfield>
   </marc:datafield>
   <marc:datafield ind1=" " ind2=" " tag="653">
      <marc:subfield code="a">DIY Advent</marc:subfield>
   </marc:datafield>
   <marc:datafield ind1=" " ind2=" " tag="653">
      <marc:subfield code="a">Weihnachtsgeschenke</marc:subfield>
   </marc:datafield>
   <marc:datafield ind1=" " ind2=" " tag="653">
      <marc:subfield code="a">Weihnachtsgeschenke DIY</marc:subfield>
   </marc:datafield>
   <marc:datafield ind1=" " ind2=" " tag="653">
      <marc:subfield code="a">Selbstgemachtes Verschenken</marc:subfield>
   </marc:datafield>
   <marc:datafield ind1=" " ind2=" " tag="653">
      <marc:subfield code="a">Deko für Zuhause</marc:subfield>
   </marc:datafield>
   <marc:datafield ind1=" " ind2=" " tag="653">
      <marc:subfield code="a">Softcover / Ratgeber/Hobby</marc:subfield>
   </marc:datafield>
   <marc:datafield ind1=" " ind2=" " tag="653">
      <marc:subfield code="a">Haus/Kreatives Gestalten</marc:subfield>
   </marc:datafield>
   <marc:datafield ind1=" " ind2=" " tag="653">
      <marc:subfield code="a">Kreativer Advent;Kreativ Advent;DIY Advent;Weihnachtsgeschenke;Weihnachtsgeschenke DIY;Selbstgemachtes Verschenken;Deko für Zuhause</marc:subfield>
   </marc:datafield>
   <marc:datafield ind1="0" ind2="0" tag="245">
      <marc:subfield code="a">Coming home for christmas</marc:subfield>
   </marc:datafield>
   <marc:datafield ind1="0" ind2="0" tag="245">
      <marc:subfield code="b">selbstgemachte Deko, Geschenke und süße Überraschungen für eine kreative Adventszeit</marc:subfield>
   </marc:datafield>
   <marc:datafield ind1="0" ind2="0" tag="245">
      <marc:subfield code="c">Sabrina Sterntal</marc:subfield>
   </marc:datafield>
   <marc:datafield ind1=" " ind2="1" tag="264">
      <marc:subfield code="a">Igling</marc:subfield>
      <marc:subfield code="b">EMF Verlag</marc:subfield>
      <marc:subfield code="c">2022</marc:subfield>
   </marc:datafield>
   <marc:datafield ind1=" " ind2=" " tag="250">
      <marc:subfield code="a">1. Auflage</marc:subfield>
   </marc:datafield>
   <marc:datafield ind1="1" ind2=" " tag="520">
      <marc:subfield code="a">Angaben aus der Verlagsmeldung

Coming home for Christmas – Selbstgemachte Deko, Geschenke und süße Überraschungen für eine kreative Adventszeit / von Sabrina Sterntal

Das große DIY-Weihnachtsbuch mit den festlichsten Projekten von @sabrinasterntal. Mit diesen ausdrucksstarken Dekoideen, leckeren Rezepten und raffinierten Geschenken wird die Weihnachtszeit ein wahres Fest.

Dieses DIY-Buch enthält eine riesige Auswahl an Weihnachtsideen für eine besinnliche Adventszeit. Es richtet sich an alle, die Weihnachten lieben und es sich zu Hause mit kreativem Einsatz besonders gemütlich machen möchten.

So viele Ideen in einem Buch – Weihnachtszeit ist Bastelzeit!

70 Projekte für ein festliches Weihnachten: Deko-Ideen,  Geschenktipps und raffinierte Rezepte

Die schönsten Projekte von @sabrinasterntal

Du liebst Weihnachten und freust dich jedes Jahr darauf, neue, kreative Ideen auszuprobieren? Dann ist dieses Buch genau das Richtige für dich! Es versammelt bezaubernde Dekoideen wie Kränze, Papiersterne, Schneekugeln und vieles mehr. Zudem bekommst du leckere Rezepte an die Hand, die einfach umzusetzen sind und dir deine Adventszeit ganz besonders versüßen. Lass dich außerdem von der Riesenbandbreite an Geschenktippts inspirieren und verschenke selbstgemachte Baiser-Bäumchen, Weihnachtsduftkerzen oder Spekulatius-Pralinen. Die Umsetzung aller Ideen und Projekte sind in diesem Buch genau erklärt und somit einfach umzusetzen.

Bezaubernde Deko-Ideen: Kränze, Papiersterne, Schneekugeln und vieles mehr

Raffinierte Geschenktipps wie Baiser-Bäumchen, Weihnachtsduftkerzen oder Spekulatius-Pralinen

Leckere Rezepte: Versüße dir den Advent mit Orangen-Glühwein, Candy-Cane-Chocolate-Hearts und Co.

</marc:subfield>
   </marc:datafield>
   <marc:datafield ind1=" " ind2=" " tag="020">
      <marc:subfield code="a">9783745908893</marc:subfield>
      <marc:subfield code="9">9783745908893</marc:subfield>
   </marc:datafield>
   <marc:datafield ind1=" " ind2=" " tag="020">
      <marc:subfield code="a">3745908899</marc:subfield>
      <marc:subfield code="9">3745908899</marc:subfield>
   </marc:datafield>
   <marc:datafield ind1=" " ind2=" " tag="041">
      <marc:subfield code="a">ger</marc:subfield>
   </marc:datafield>
   <marc:datafield ind1=" " ind2=" " tag="300">
      <marc:subfield code="a">175 Seiten</marc:subfield>
   </marc:datafield>
</marc:record>
